00859pam a2200205 a 4500020001300000040002400013041001300037082001500050100002300065245009100088260003600179300001400215365001300229653004400242907001500286930000900301999001500310952016400325952016400489 c10465.00 aMedical College Lib aENGhENG a616.2bNOT aNotter, Robert H.. aLung Injury Mechanisms, Pathophysiology, and Therapy Vol - 196 / chTextual Documents a : bTaylor & Francis , c2005. a1446 ; c a10465.00 aTB And ChestaMedicineaMedical Science a11502  a7467 c7466d7466 00104070aMCPbMCPd2006-12-11eBharati Madhyavarti Sahakari Grahak Bhandar Ltd. g10465.00l0o616.2 NOTpMCP-11502r2023-02-06 00:00:00t2w2023-02-06yBK 00104070aMCPbMCPd2006-12-11eBharati Madhyavarti Sahakari Grahak Bhandar Ltd. g10465.00l0o616.2 NOTpMCP-11501r2023-02-06 00:00:00t1w2023-02-06yBK